[Event "Campeonato del mundo sub-18"]
[Site "Kemer TUR"]
[Date "2009.11.16"]
[Round "6.2"]
[White "Salgado Lopez, Ivan"]
[Black "Yilmaz, Mustafa"]
[Result "1-0"]
[WhiteElo "2562"]
[BlackElo "2468"]
[PlyCount "141"]
[EventDate "2009.11.11"]
[EventType "swiss"]
[EventRounds "11"]
[EventCountry "ESP"]
[Source "lmi"]
[SourceDate "2009.11.11"]

1. c4 e5 2. Nc3 Nc6 3. Nf3 g6 4. g3 Bg7 5. Bg2 Nf6 6. d3 d6 7. O-O O-O 8. Bg5
h6 9. Bxf6 Bxf6 10. Rb1 a5 11. a3 Bg7 12. b4 axb4 13. axb4 Nd4 14. b5 c6 15.
bxc6 bxc6 16. Nxd4 exd4 17. Ne4 Bg4 18. h3 Be6 19. Ra1 Qe7 20. Qc2 d5 21. cxd5
cxd5 22. Rxa8 Rxa8 23. Nd2 Qb4 24. Rc1 Ra3 25. Nf3 Bf6 26. Rb1 Qc3 27. Rb8+ Kg7
28. Qb2 Ra7 29. Kh2 Ra8 30. Rb3 Qc5 31. Rb5 Qc3 32. Rb7 Qxb2 33. Rxb2 Ra4 34.
Rb5 Bd8 35. Ne5 Ra5 36. Rb7 Bf6 37. Nd7 Bd8 38. Bf3 Ra2 39. Ne5 Rc2 40. Bg4 Rc7
41. Rxc7 Bxc7 42. Nc6 f5 43. Nxd4 Kf6 44. Bf3 Bb6 45. Nc2 Bxf2 46. d4 f4 47.
gxf4 Bf5 48. Kg2 Bxc2 49. Kxf2 Ke6 50. Bg4+ Kf6 51. h4 Bb1 52. Ke3 Bc2 53. Kd2
Be4 54. Kc3 Bf5 55. Bf3 Ke6 56. Kb4 Kd6 57. Kb5 h5 58. e3 Bg4 59. Bg2 Be2+ 60.
Kb6 Bc4 61. Kb7 Kd7 62. Bh3+ Kd6 63. Kc8 Bd3 64. Bg2 Be2 65. Kd8 Ke6 66. Kc7
Kf5 67. Bxd5 Kg4 68. Be4 Kxh4 69. Bxg6 Kg4 70. Bxh5+ Kxh5 71. d5 1-0

[Event "Campeonato del mundo sub-18"]
[Site "Kemer TUR"]
[Date "2009.11.16"]
[Round "6.3"]
[White "Narmontas, Matas"]
[Black "Bogner, Sebastian"]
[Result "1/2-1/2"]
[WhiteElo "2370"]
[BlackElo "2504"]
[PlyCount "121"]
[EventDate "2009.11.11"]
[EventType "swiss"]
[EventRounds "11"]
[EventCountry "ESP"]
[Source "lmi"]
[SourceDate "2009.11.11"]

1. e4 c5 2. Nf3 d6 3. d4 cxd4 4. Nxd4 Nf6 5. Nc3 a6 6. Bg5 Nbd7 7. f4 Qc7 8.
Qf3 h6 9. Bh4 g5 10. fxg5 hxg5 11. Bxg5 Qc5 12. Nf5 e6 13. Bxf6 Nxf6 14. Ne3
Nd7 15. Ng4 Bg7 16. O-O-O Ne5 17. Nxe5 Qxe5 18. Be2 Bd7 19. Qg3 Qxg3 20. hxg3
Ke7 21. Bf3 Bxc3 22. bxc3 Bc6 23. Rh4 Rhg8 24. g4 Rac8 25. Kb2 Rg5 26. Rh5 Rb5+
27. Rxb5 Bxb5 28. Rh1 Rc4 29. g5 Bc6 30. Rh4 Rc5 31. Rg4 Be8 32. Rg3 Kf8 33.
Be2 Re5 34. Bd3 Kg7 35. c4 Bc6 36. Rg4 Kg6 37. Rf4 Kg7 38. Rg4 Rc5 39. Rg3 e5
40. Rf3 Bd7 41. Rf6 Be6 42. Rh6 Rc8 43. Kc3 Bxc4 44. Rxd6 Be6+ 45. Kb4 Kg6 46.
Ka5 Kxg5 47. Kb6 Rc3 48. a4 Bc8 49. a5 f5 50. exf5 Bxf5 51. Kxb7 e4 52. Bxa6
Bc8+ 53. Kb6 Bxa6 54. Kxa6 Rxc2 55. Kb7 e3 56. Re6 Rb2+ 57. Kc7 e2 58. a6 Ra2
59. Kb7 Rb2+ 60. Kc7 Ra2 61. Kb7 1/2-1/2

[Event "Campeonato del mundo sub-18"]
[Site "Kemer TUR"]
[Date "2009.11.16"]
[Round "6.5"]
[White "Benidze, Davit"]
[Black "Krejci, Jan"]
[Result "1/2-1/2"]
[WhiteElo "2450"]
[BlackElo "2458"]
[PlyCount "42"]
[EventDate "2009.11.11"]
[EventType "swiss"]
[EventRounds "11"]
[EventCountry "ESP"]
[Source "lmi"]
[SourceDate "2009.11.11"]

1. d4 Nf6 2. Nf3 g6 3. g3 d5 4. Bg2 Bg7 5. O-O b5 6. Bg5 Nbd7 7. Qd3 Rb8 8.
Nbd2 O-O 9. Bxf6 Nxf6 10. Ne5 Rb6 11. a4 b4 12. a5 Ba6 13. Qe3 Rd6 14. Rfc1 Nd7
15. Nd3 Bxd3 16. cxd3 Nb8 17. Nb3 Rc6 18. Rxc6 Nxc6 19. Qc1 Nb8 20. Nc5 Qd6 21.
e3 Rc8 1/2-1/2

[Event "Campeonato del mundo sub-18"]
[Site "Kemer TUR"]
[Date "2009.11.16"]
[Round "6.6"]
[White "Shyam, Nikhil Ponnusamy"]
[Black "Chirila, Ioan-Cristian"]
[Result "1/2-1/2"]
[WhiteElo "2393"]
[BlackElo "2510"]
[PlyCount "39"]
[EventDate "2009.11.11"]
[EventType "swiss"]
[EventRounds "11"]
[EventCountry "ESP"]
[Source "lmi"]
[SourceDate "2009.11.11"]

1. e4 c5 2. Nf3 d6 3. d4 cxd4 4. Nxd4 Nf6 5. Nc3 g6 6. Be3 Bg7 7. f3 Nc6 8. Qd2
O-O 9. O-O-O d5 10. exd5 Nxd5 11. Nxc6 bxc6 12. Bd4 e5 13. Bc5 Be6 14. Ne4 Re8
15. h4 h6 16. g4 Qc7 17. g5 h5 18. Bd6 Qb6 19. Bc5 Qc7 20. Bd6 1/2-1/2

[Event "Campeonato del mundo sub-18"]
[Site "Kemer TUR"]
[Date "2009.11.16"]
[Round "6.7"]
[White "Arslanov, Shamil"]
[Black "Adhiban, Baskaran"]
[Result "0-1"]
[WhiteElo "2379"]
[BlackElo "2486"]
[PlyCount "54"]
[EventDate "2009.11.11"]
[EventType "swiss"]
[EventRounds "11"]
[EventCountry "ESP"]
[Source "lmi"]
[SourceDate "2009.11.11"]

1. e4 c5 2. Nf3 d6 3. d4 cxd4 4. Nxd4 Nf6 5. Nc3 Nc6 6. Bg5 e6 7. Qd2 Qb6 8.
Nb3 Be7 9. O-O-O a6 10. f3 O-O 11. g4 Rd8 12. Be3 Qc7 13. g5 Nd7 14. h4 b5 15.
h5 Nce5 16. Qf2 b4 17. Na4 Rb8 18. Nd2 Bb7 19. b3 d5 20. exd5 Bxd5 21. Rg1 Rdc8
22. Ne4 Nxf3 23. Rg4 Nde5 24. Rf4 Qc6 25. Nac5 Nxg5 26. Nxg5 Bxg5 27. Nd3 Ng4
0-1

[Event "Campeonato del mundo sub-18"]
[Site "Kemer TUR"]
[Date "2009.11.16"]
[Round "6.8"]
[White "Durarbeyli, Vasif"]
[Black "Shreyansh, Daklia"]
[Result "0-1"]
[WhiteElo "2456"]
[BlackElo "2236"]
[PlyCount "80"]
[EventDate "2009.11.11"]
[EventType "swiss"]
[EventRounds "11"]
[EventCountry "ESP"]
[Source "lmi"]
[SourceDate "2009.11.11"]

1. e4 c6 2. d4 d5 3. Nc3 dxe4 4. Nxe4 Nd7 5. Ng5 Ngf6 6. Bd3 e6 7. N1f3 Bd6 8.
Qe2 h6 9. Ne4 Nxe4 10. Qxe4 Qc7 11. O-O b6 12. Qg4 Kf8 13. b3 g5 14. Qh3 Kg7
15. Bb2 Nf6 16. Ne5 Nd5 17. g3 h5 18. Rae1 f6 19. f4 fxe5 20. fxg5 Bd7 21. dxe5
Bc5+ 22. Kh1 Raf8 23. Rf6 Qc8 24. Qh4 Nb4 25. Be4 Be8 26. a3 Nd5 27. Bd3 b5 28.
g6 Be7 29. Ref1 Qd8 30. g4 hxg4 31. Qf2 g3 32. Qxa7 Rxh2+ 33. Kg1 Qb6+ 34. Qxb6
Nxb6 35. Bd4 Nd5 36. Rxe6 c5 37. c4 cxd4 38. cxd5 Bg5 39. Rxf8 Kxf8 40. Be4 d3
0-1

[Event "Campeonato del mundo sub-18"]
[Site "Kemer TUR"]
[Date "2009.11.16"]
[Round "6.9"]
[White "Kulakov, Viacheslav"]
[Black "Rasulov, Vugar Ural Oglu"]
[Result "1/2-1/2"]
[WhiteElo "2380"]
[BlackElo "2427"]
[PlyCount "106"]
[EventDate "2009.11.11"]
[EventType "swiss"]
[EventRounds "11"]
[EventCountry "ESP"]
[Source "lmi"]
[SourceDate "2009.11.11"]

1. d4 Nf6 2. Nf3 g6 3. Bg5 Bg7 4. Nbd2 O-O 5. c3 d6 6. e4 h6 7. Bh4 c5 8. dxc5
dxc5 9. Qc2 Nh5 10. Bc4 Nc6 11. Nb3 b6 12. O-O Qc7 13. a4 Bg4 14. Nfd2 Rad8 15.
a5 Bc8 16. Bb5 Ne5 17. Nc4 Ng4 18. Bg3 Nxg3 19. hxg3 h5 20. f3 Nh6 21. axb6
axb6 22. Qf2 f5 23. exf5 Nxf5 24. Rfe1 g5 25. Rad1 Rxd1 26. Rxd1 Nxg3 27. Qe3
g4 28. Nbd2 Bf5 29. Re1 e6 30. f4 h4 31. Ne5 Rd8 32. Ndc4 Kh7 33. Bc6 Nh5 34.
Qf2 g3 35. Qf3 Nf6 36. Kf1 Bh6 37. Ke2 Nd5 38. Bxd5 exd5 39. Ne3 Be4 40. Qh5
Rf8 41. Rh1 Rxf4 42. N3g4 Rxg4 43. Nxg4 Qf4 44. Qxh6+ Qxh6 45. Nxh6 Kxh6 46.
Rxh4+ Kg5 47. Rh8 Bxg2 48. b4 Be4 49. Rb8 Kf4 50. Rxb6 d4 51. bxc5 d3+ 52. Kd2
g2 53. Rb1 Kf3 1/2-1/2

[Event "Campeonato del mundo sub-18"]
[Site "Kemer TUR"]
[Date "2009.11.16"]
[Round "6.11"]
[White "Yaksin, Oleg"]
[Black "Pavlidis, Antonios"]
[Result "1/2-1/2"]
[WhiteElo "2406"]
[BlackElo "2364"]
[PlyCount "108"]
[EventDate "2009.11.11"]
[EventType "swiss"]
[EventRounds "11"]
[EventCountry "ESP"]
[Source "lmi"]
[SourceDate "2009.11.11"]

1. d4 Nf6 2. c4 g6 3. Nf3 Bg7 4. g3 O-O 5. Bg2 d6 6. O-O Nc6 7. Nc3 a6 8. h3
Bd7 9. e4 e5 10. d5 Nd4 11. Nxd4 exd4 12. Qxd4 Qc8 13. h4 Ng4 14. Qd1 Ne5 15.
c5 Bh3 16. cxd6 cxd6 17. Bf4 Bxg2 18. Kxg2 Qc4 19. Qb3 Rfc8 20. Rad1 b5 21.
Qxc4 Rxc4 22. f3 Rac8 23. Rf2 Kf8 24. Ne2 Ra4 25. a3 b4 26. axb4 Rxb4 27. Nd4
Rcc4 28. Nc6 Nxc6 29. dxc6 Be5 30. Rxd6 Bxf4 31. gxf4 Rb6 32. Rd5 Rbxc6 33. f5
Kg7 34. Kg3 Rc2 35. Rxc2 Rxc2 36. fxg6 hxg6 37. Ra5 Rxb2 38. Rxa6 Rb5 39. Ra7
Rc5 40. Kg4 Rb5 41. Rd7 Ra5 42. Rd5 Ra1 43. h5 Re1 44. Rg5 Kf6 45. e5+ Kg7 46.
hxg6 fxg6 47. Kf4 Kf7 48. Rg2 Rh1 49. Ra2 Rh4+ 50. Kg3 g5 51. Ra6 Rf4 52. Ra7+
Ke6 53. Rg7 Rf5 54. Kg4 Rf4+ 1/2-1/2

[Event "Campeonato del mundo sub-18"]
[Site "Kemer TUR"]
[Date "2009.11.16"]
[Round "6.13"]
[White "Nabaty, Tamir"]
[Black "Mazur, Stefan"]
[Result "1-0"]
[WhiteElo "2508"]
[BlackElo "2360"]
[PlyCount "71"]
[EventDate "2009.11.11"]
[EventType "swiss"]
[EventRounds "11"]
[EventCountry "ESP"]
[Source "lmi"]
[SourceDate "2009.11.11"]

1. e4 c5 2. Nf3 e6 3. d4 cxd4 4. Nxd4 a6 5. Be3 Nf6 6. Nd2 e5 7. N4b3 d5 8.
exd5 Nxd5 9. Nc4 Nc6 10. Bb6 Nxb6 11. Qxd8+ Nxd8 12. Nxb6 Rb8 13. O-O-O Be7 14.
Bc4 Bf5 15. Rhe1 Nc6 16. Bd5 O-O 17. Bxc6 bxc6 18. Rxe5 Bg5+ 19. Kb1 g6 20. Nc4
Rfd8 21. Rxd8+ Rxd8 22. Re1 Be6 23. Ne5 Rd6 24. Nc5 Bf4 25. Ned3 Bd2 26. Re2
Ba5 27. Nxa6 Bc4 28. Nac5 Bb6 29. Re1 Rd5 30. b4 Bxc5 31. Nxc5 Rd2 32. Ne4 Rd4
33. Kb2 Be6 34. c3 Rd8 35. Re2 Bc4 36. Rd2 1-0

[Event "Campeonato del mundo sub-18"]
[Site "Kemer TUR"]
[Date "2009.11.16"]
[Round "6.15"]
[White "Arenas, David"]
[Black "Balog, Imre"]
[Result "0-1"]
[WhiteElo "2333"]
[BlackElo "2491"]
[PlyCount "88"]
[EventDate "2009.11.11"]
[EventType "swiss"]
[EventRounds "11"]
[EventCountry "ESP"]
[Source "lmi"]
[SourceDate "2009.11.11"]

1. e4 e6 2. d4 d5 3. Nc3 Nf6 4. Bg5 Be7 5. e5 Nfd7 6. Bxe7 Qxe7 7. f4 Nb6 8.
Nf3 Bd7 9. Qd2 c5 10. dxc5 Qxc5 11. O-O-O Na6 12. Nd4 Nc4 13. Bxc4 Qxc4 14.
Rhe1 O-O-O 15. Kb1 Kb8 16. Qd3 Qc5 17. a3 Qb6 18. Nb3 Rc8 19. Qd4 Qc7 20. Qd3
g6 21. Rd2 Rhd8 22. g4 Nc5 23. Nxc5 Qxc5 24. Qe3 Qxe3 25. Rxe3 Rc4 26. Ne2 g5
27. Nd4 gxf4 28. Rf3 f6 29. b3 Rxd4 30. Rxd4 fxe5 31. Rd1 Kc7 32. g5 Be8 33.
Re1 Kd6 34. Kc1 Bg6 35. Kd2 Rf8 36. Ref1 Rf5 37. h4 Bh5 38. R3f2 f3 39. c3 Rf4
40. Rh1 d4 41. Rff1 Kd5 42. Rc1 Rg4 43. Rh2 b5 44. b4 e4 0-1

[Event "Campeonato del mundo sub-18"]
[Site "Kemer TUR"]
[Date "2009.11.16"]
[Round "6.16"]
[White "Pourramezanali, Amirreza"]
[Black "Rozum, Ivan"]
[Result "0-1"]
[WhiteElo "2321"]
[BlackElo "2458"]
[PlyCount "80"]
[EventDate "2009.11.11"]
[EventType "swiss"]
[EventRounds "11"]
[EventCountry "ESP"]
[Source "lmi"]
[SourceDate "2009.11.11"]

1. e4 c5 2. c3 g6 3. d4 cxd4 4. cxd4 d5 5. exd5 Nf6 6. Nc3 Bg7 7. Qb3 O-O 8.
Be2 Na6 9. Bf3 Qb6 10. Qxb6 axb6 11. Bf4 Nb4 12. Kd2 Rd8 13. d6 Ne8 14. Nb5
Nxd6 15. Nxd6 Bxd4 16. Ne2 Bg7 17. Nc3 e5 18. Be3 Rxd6+ 19. Ke2 Be6 20. Bxb7
Rb8 21. Rad1 Bc4+ 22. Kf3 Rxd1 23. Rxd1 f5 24. Rd7 Nxa2 25. Bd5+ Bxd5+ 26. Nxd5
e4+ 27. Kf4 Bxb2 28. Bxb6 Nc1 29. Kg5 Nd3 30. Be3 Bg7 31. Nf6+ Bxf6+ 32. Kxf6
Rf8+ 33. Kg5 Ne5 34. Ra7 f4 35. Bxf4 Rf5+ 36. Kh4 Rxf4+ 37. Kg3 Nd3 38. Rd7 Rf7
39. Rd8+ Rf8 40. Rd7 Nxf2 0-1

[Event "Campeonato del mundo sub-18"]
[Site "Kemer TUR"]
[Date "2009.11.16"]
[Round "6.18"]
[White "Kanakaris, Georgios"]
[Black "Lovik, Lasse Ostebo"]
[Result "1/2-1/2"]
[WhiteElo "2312"]
[BlackElo "2379"]
[PlyCount "99"]
[EventDate "2009.11.11"]
[EventType "swiss"]
[EventRounds "11"]
[EventCountry "ESP"]
[Source "lmi"]
[SourceDate "2009.11.11"]

1. d4 d5 2. c4 e6 3. Nc3 c6 4. Nf3 Nf6 5. Bg5 dxc4 6. e4 b5 7. e5 h6 8. Bh4 g5
9. Nxg5 hxg5 10. Bxg5 Nbd7 11. exf6 Bb7 12. g3 c5 13. d5 Bh6 14. Bxh6 Rxh6 15.
Bg2 b4 16. Ne4 Nxf6 17. Qe2 Kf8 18. Qxc4 Qxd5 19. Qxd5 Bxd5 20. f3 Bxe4 21.
fxe4 Ng4 22. Rc1 Rc8 23. h3 Ne5 24. Ke2 Ke7 25. Ke3 Rhh8 26. Rhd1 a5 27. Bf1 f6
28. Rc2 Rhg8 29. g4 Rh8 30. b3 a4 31. Rdc1 Nd7 32. Kf4 axb3 33. axb3 Rc6 34.
Ra2 Rc7 35. Ra6 Ne5 36. Rd1 Nc6 37. Kg3 Nd4 38. Bc4 Rd7 39. Rda1 Rhd8 40. h4
Kf7 41. Rf1 Kg7 42. Kg2 Nc2 43. Bxe6 Ne3+ 44. Kf2 Nxf1 45. Bxd7 Rxd7 46. Kxf1
Rd4 47. Kf2 Rxe4 48. Kf3 f5 49. gxf5 Rxh4 50. Rc6 1/2-1/2

[Event "Campeonato del mundo sub-18"]
[Site "Kemer TUR"]
[Date "2009.11.16"]
[Round "6.19"]
[White "Pavlidis, Anastasios"]
[Black "Jorczik, Julian"]
[Result "1-0"]
[WhiteElo "2300"]
[BlackElo "2368"]
[PlyCount "109"]
[EventDate "2009.11.11"]
[EventType "swiss"]
[EventRounds "11"]
[EventCountry "ESP"]
[Source "lmi"]
[SourceDate "2009.11.11"]

1. d4 Nf6 2. c4 g6 3. Nc3 Bg7 4. e4 d6 5. Nf3 O-O 6. Be2 e5 7. Be3 Nbd7 8. O-O
Re8 9. d5 Nh5 10. Re1 Bf8 11. b4 Ng7 12. Nd2 f5 13. f3 Be7 14. Nb3 Bg5 15. Qd2
Bxe3+ 16. Qxe3 f4 17. Qf2 g5 18. c5 Nf6 19. Rec1 b6 20. cxd6 cxd6 21. a4 a6 22.
Nd1 Re7 23. Nb2 Rb8 24. Rc6 Bd7 25. Rc2 Bc8 26. Rac1 Nge8 27. Nc4 Rg7 28. a5 b5
29. Nb6 Bb7 30. Nc5 dxc5 31. bxc5 g4 32. c6 g3 33. hxg3 fxg3 34. Qe3 Bc8 35. f4
Qc7 36. Qc3 Nxe4 37. Qe3 Bf5 38. fxe5 Nf2 39. Rd2 Qd8 40. Rd4 Ng4 41. Bxg4 Bxg4
42. Qxg3 Qg5 43. Qf4 Qh5 44. Rf1 Nc7 45. e6 Bh3 46. Rd2 Kh8 47. Qd4 Rbg8 48.
Rf7 Ne8 49. c7 Nd6 50. c8=Q Nxf7 51. Qcc3 Ng5 52. Rf2 h6 53. Nd7 Bxg2 54. Qxg7+
Rxg7 55. Rf8+ 1-0

[Event "Campeonato del mundo sub-18"]
[Site "Kemer TUR"]
[Date "2009.11.16"]
[Round "6.20"]
[White "Aguirre, Manzo Leopoldo"]
[Black "Darini, Pouria"]
[Result "0-1"]
[WhiteElo "2148"]
[BlackElo "2366"]
[PlyCount "58"]
[EventDate "2009.11.11"]
[EventType "swiss"]
[EventRounds "11"]
[EventCountry "ESP"]
[Source "lmi"]
[SourceDate "2009.11.11"]

1. e4 c5 2. Nf3 d6 3. d4 cxd4 4. Nxd4 Nf6 5. Nc3 a6 6. Bg5 e6 7. f4 h6 8. Bh4
Be7 9. Qf3 Qc7 10. O-O-O Nbd7 11. Be2 Rg8 12. f5 e5 13. Nb3 b5 14. a3 Bb7 15.
Bf2 Rc8 16. Bd3 Nc5 17. Nxc5 dxc5 18. Nd5 Bxd5 19. exd5 c4 20. Be4 c3 21. d6
cxb2+ 22. Kb1 Bxd6 23. Rhe1 Ke7 24. Bh4 Rgd8 25. g4 Qa5 26. Re3 b4 27. Be1 Bc5
28. Red3 Rxd3 29. Rxd3 Qxa3 0-1

[Event "Campeonato del mundo sub-18"]
[Site "Kemer TUR"]
[Date "2009.11.16"]
[Round "6.21"]
[White "Anton, Teodor"]
[Black "Yilmazyerli, Mert"]
[Result "1/2-1/2"]
[WhiteElo "2363"]
[BlackElo "2295"]
[PlyCount "47"]
[EventDate "2009.11.11"]
[EventType "swiss"]
[EventRounds "11"]
[EventCountry "ESP"]
[Source "lmi"]
[SourceDate "2009.11.11"]

1. d4 Nf6 2. c4 g6 3. Nf3 Bg7 4. g3 O-O 5. Bg2 d6 6. O-O Nc6 7. Nc3 Bf5 8. Ne1
Qd7 9. e4 Bh3 10. Nc2 Bxg2 11. Kxg2 a6 12. f3 Rab8 13. a4 a5 14. b3 e5 15. Be3
exd4 16. Nxd4 Rbe8 17. Qd2 Nh5 18. Rad1 f5 19. exf5 Rxe3 20. Qxe3 Nxd4 21. Rxd4
Bxd4 22. Qxd4 Qxf5 23. Nd5 Rf7 24. Rf2 1/2-1/2

[Event "Campeonato del mundo sub-18"]
[Site "Kemer TUR"]
[Date "2009.11.16"]
[Round "6.22"]
[White "Karayev, Assylkhan"]
[Black "Abasov, Nijat"]
[Result "0-1"]
[WhiteElo "2275"]
[BlackElo "2522"]
[PlyCount "130"]
[EventDate "2009.11.11"]
[EventType "swiss"]
[EventRounds "11"]
[EventCountry "ESP"]
[Source "lmi"]
[SourceDate "2009.11.11"]

1. b3 e5 2. Bb2 d6 3. e3 f5 4. d4 e4 5. d5 Nf6 6. Ne2 Nbd7 7. Nf4 Ne5 8. Nc3
Qe7 9. h4 g6 10. Qd2 Bg7 11. Nb5 Nfg4 12. O-O-O Bf6 13. Nd4 Bxh4 14. Bb5+ Kf7
15. Rdf1 a6 16. f3 axb5 17. fxg4 Nxg4 18. Rxh4 Qxh4 19. Nde6 Ne5 20. Nxc7 Rxa2
21. Nxb5 Qf6 22. Nc3 Ra6 23. Nfe2 Qg5 24. Nd4 Ke7 25. Ncb5 Bd7 26. Nc7 Ra2 27.
Kb1 Rxb2+ 28. Kxb2 Rc8 29. Nce6 Qf6 30. Nf4 Ng4 31. g3 b5 32. Ra1 b4 33. Ra7
Rc3 34. Kb1 Nxe3 35. Nc6+ Ke8 36. Nxb4 g5 37. Ne2 Nxc2 38. Qxc3 Qxc3 39. Nxc3
Nxb4 40. Ra8+ Kf7 41. Rh8 Kf6 42. Rxh7 Be8 43. Rb7 Nd3 44. b4 Bg6 45. b5 f4 46.
gxf4 gxf4 47. Rd7 Ke5 48. b6 Nc5 49. Re7+ Kd4 50. Ne2+ Ke3 51. b7 f3 52. b8=Q
fxe2 53. Qb4 Nd3 54. Qb6+ Kf3 55. Qxd6 e1=Q+ 56. Ka2 Qd2+ 57. Ka3 e3 58. Qf6+
Nf4 59. d6 Qd3+ 60. Ka4 Bf5 61. Rf7 e2 62. Qe5 Qc4+ 63. Ka3 Qxf7 64. d7 Qxd7
65. Kb2 Nd3+ 0-1

[Event "Campeonato del mundo sub-18"]
[Site "Kemer TUR"]
[Date "2009.11.16"]
[Round "6.23"]
[White "Hovhannisyan, Robert"]
[Black "Melnichuk, Mikhail"]
[Result "1-0"]
[WhiteElo "2487"]
[BlackElo "2312"]
[PlyCount "117"]
[EventDate "2009.11.11"]
[EventType "swiss"]
[EventRounds "11"]
[EventCountry "ESP"]
[Source "lmi"]
[SourceDate "2009.11.11"]

1. e4 e5 2. Nf3 Nf6 3. d4 Nxe4 4. Bd3 d5 5. Nxe5 Nd7 6. Nxd7 Bxd7 7. O-O Bd6 8.
Nc3 Nxc3 9. bxc3 Qh4 10. g3 Qg4 11. Re1+ Kf8 12. Be2 Qg6 13. c4 dxc4 14. Bxc4
Bg4 15. Be2 Re8 16. Bxg4 Rxe1+ 17. Qxe1 Qxg4 18. Rb1 b6 19. Rb3 h6 20. Rd3 Qf5
21. Ba3 Kg8 22. Bxd6 cxd6 23. Qe8+ Kh7 24. Kg2 Qd5+ 25. Rf3 f6 26. Qd7 Rf8 27.
Qxa7 Ra8 28. Qd7 Rxa2 29. c3 Rc2 30. Qc8 Qe4 31. h4 h5 32. Qf5+ Qxf5 33. Rxf5
Rxc3 34. Rxh5+ Kg6 35. Rb5 Rc4 36. Rd5 Rc6 37. Kf3 Kf7 38. Ke4 Ke7 39. Rb5 g6
40. Kd5 Kd7 41. g4 Rc2 42. Rxb6 Kc7 43. Ra6 Kb7 44. Rxd6 Rxf2 45. Rd7+ Kc8 46.
Rg7 f5 47. Rxg6 fxg4 48. Rxg4 Kd7 49. Rg7+ Ke8 50. h5 Kf8 51. Rg5 Kf7 52. Ke4
Re2+ 53. Kf3 Rd2 54. Rf5+ Ke6 55. Rf4 Rh2 56. Kg4 Rg2+ 57. Kh4 Rg1 58. h6 Ke7
59. Kh5 1-0

[Event "Campeonato del mundo sub-18"]
[Site "Kemer TUR"]
[Date "2009.11.16"]
[Round "6.24"]
[White "Salem, A.R.Saleh"]
[Black "Poleshchuk, Dmitriy"]
[Result "1-0"]
[WhiteElo "2472"]
[BlackElo "2234"]
[PlyCount "71"]
[EventDate "2009.11.11"]
[EventType "swiss"]
[EventRounds "11"]
[EventCountry "ESP"]
[Source "lmi"]
[SourceDate "2009.11.11"]

1. d4 Nf6 2. c4 g6 3. Nc3 Bg7 4. e4 O-O 5. Be3 d6 6. f3 e5 7. d5 c6 8. Bd3 cxd5
9. cxd5 Ne8 10. Qd2 Nd7 11. Nge2 f5 12. exf5 gxf5 13. O-O Rf7 14. Rfe1 f4 15.
Bf2 Nf8 16. Nb5 b6 17. a4 Bh6 18. Kh1 Rg7 19. Rg1 Nf6 20. Qb4 Ne8 21. g3 Ng6
22. gxf4 Nxf4 23. Nxf4 Bxf4 24. Rxg7+ Kxg7 25. Rg1+ Kh8 26. Bxh7 a6 27. Qe4 Nf6
28. Qg6 Qf8 29. Nxd6 Ra7 30. Nxc8 Rxh7 31. Rg2 Rh6 32. Qf5 Rh5 33. Qc2 Qh6 34.
Bg1 Nxd5 35. Nd6 Ne7 36. Nf7# 1-0

[Event "Campeonato del mundo sub-18"]
[Site "Kemer TUR"]
[Date "2009.11.16"]
[Round "6.25"]
[White "Binder, Michael"]
[Black "Demuth, Adrien"]
[Result "0-1"]
[WhiteElo "2202"]
[BlackElo "2387"]
[PlyCount "80"]
[EventDate "2009.11.11"]
[EventType "swiss"]
[EventRounds "11"]
[EventCountry "ESP"]
[Source "lmi"]
[SourceDate "2009.11.11"]

1. d4 Nf6 2. Nf3 g6 3. g3 Bg7 4. Bg2 d5 5. c4 dxc4 6. Na3 c3 7. bxc3 O-O 8. O-O
c5 9. e3 Nc6 10. Nc4 Be6 11. Ncd2 Nd5 12. Bb2 Nb6 13. Ba3 cxd4 14. cxd4 Rc8 15.
Re1 Re8 16. Qe2 Na5 17. Bb4 Nac4 18. Ng5 Bf5 19. Bxb7 Rc7 20. Bg2 e5 21. Nge4
Nxd2 22. Qxd2 Bxe4 23. Bxe4 exd4 24. exd4 Qxd4 25. Bg2 Qxa1 26. Rxa1 Bxa1 27.
h4 h5 28. Qg5 Kg7 29. Qd2 Bf6 30. Bf3 Rc4 31. a3 Rd4 32. Qc2 Rc8 33. Qb3 Rdd8
34. Kg2 Nc4 35. Bc3 Ne5 36. Be4 Ng4 37. Bxf6+ Nxf6 38. Bf3 Rc7 39. a4 Rd2 40.
Qb4 Rcd7 0-1

[Event "Campeonato del mundo sub-18"]
[Site "Kemer TUR"]
[Date "2009.11.16"]
[Round "6.30"]
[White "Wageih, Kareim"]
[Black "Rumjantsev, Jevgeni"]
[Result "1-0"]
[WhiteElo "2324"]
[BlackElo "2039"]
[PlyCount "51"]
[EventDate "2009.11.11"]
[EventType "swiss"]
[EventRounds "11"]
[EventCountry "ESP"]
[Source "lmi"]
[SourceDate "2009.11.11"]

1. d4 d5 2. Nf3 e6 3. e3 c5 4. c3 Nf6 5. Bd3 Bd6 6. Nbd2 Nc6 7. O-O O-O 8. dxc5
Bxc5 9. e4 Qb6 10. Qe2 h6 11. e5 Nd7 12. b4 Be7 13. Nb3 Qc7 14. Bf4 Nf6 15.
Rfe1 Ne4 16. Rac1 Qb6 17. b5 Nb8 18. Nfd4 Rd8 19. Qg4 Kh8 20. Re3 Rg8 21. Rg3
Qd8 22. Rh3 Qf8 23. Rh5 Bd8 24. Qh3 f5 25. Bxh6 Kh7 26. Bxg7+ 1-0

[Event "Campeonato del mundo sub-18"]
[Site "Kemer TUR"]
[Date "2009.11.16"]
[Round "6.32"]
[White "Bukavshin, Ivan"]
[Black "Hesham, Abdelrahman"]
[Result "1-0"]
[WhiteElo "2426"]
[BlackElo "2155"]
[PlyCount "91"]
[EventDate "2009.11.11"]
[EventType "swiss"]
[EventRounds "11"]
[EventCountry "ESP"]
[Source "lmi"]
[SourceDate "2009.11.11"]

1. e4 c5 2. Nf3 d6 3. d4 cxd4 4. Nxd4 Nf6 5. Nc3 a6 6. Be2 e5 7. Nb3 Be7 8. Bg5
Nbd7 9. a4 O-O 10. O-O Nb8 11. Bxf6 Bxf6 12. Nd5 Be6 13. Qd3 Nc6 14. Rfd1 Rc8
15. c3 Bg5 16. Nd2 f5 17. exf5 Bxf5 18. Ne4 Kh8 19. Bf3 Bh6 20. Qe2 Be6 21. Bg4
Qd7 22. h3 Rcd8 23. Rd3 Qf7 24. Bxe6 Qxe6 25. Qg4 Qf7 26. Rad1 Na5 27. Rf3 Qe8
28. Rxf8+ Qxf8 29. Nb6 Nc6 30. Qe6 Qf4 31. Qg4 Qf8 32. Rd5 g6 33. g3 Qe7 34. b4
Bf8 35. Rd3 Qf7 36. Ng5 Qa2 37. Rf3 Kg8 38. c4 Nd4 39. Rf7 Qb1+ 40. Kh2 h5 41.
Nd5 Bg7 42. Ne7+ Kh8 43. Qe4 Qxe4 44. Nxe4 Kh7 45. Nf6+ Kh6 46. Neg8+ 1-0

[Event "Campeonato del mundo sub-18"]
[Site "Kemer TUR"]
[Date "2009.11.16"]
[Round "6.34"]
[White "Kaminski, Victor"]
[Black "Me, Kevin"]
[Result "1-0"]
[WhiteElo "2235"]
[BlackElo "2119"]
[PlyCount "69"]
[EventDate "2009.11.11"]
[EventType "swiss"]
[EventRounds "11"]
[EventCountry "ESP"]
[Source "lmi"]
[SourceDate "2009.11.11"]

1. Nf3 Nf6 2. b3 g6 3. Bb2 Bg7 4. e3 O-O 5. Be2 d6 6. d4 Nbd7 7. Nbd2 Qe8 8.
Nc4 Ne4 9. Nfd2 f5 10. O-O Ndf6 11. Re1 c6 12. Nf1 Bd7 13. f3 Ng5 14. a4 Rd8
15. Qd2 Nf7 16. Rad1 g5 17. Bd3 b5 18. axb5 cxb5 19. Na3 d5 20. Qa5 Nd6 21. Bc3
Bc6 22. Bb4 Rb8 23. Bxd6 exd6 24. Bxf5 Qf7 25. Bd3 b4 26. Nb1 g4 27. f4 Rfe8
28. Nbd2 Ne4 29. Nxe4 dxe4 30. Be2 h5 31. Qg5 Red8 32. Ng3 Be8 33. Nxe4 Qe6 34.
Bd3 Bg6 35. Ng3 1-0

[Event "Campeonato del mundo sub-18"]
[Site "Kemer TUR"]
[Date "2009.11.16"]
[Round "6.36"]
[White "Kristinsson, Bjarni J"]
[Black "Pradeep Kumar, Raghu"]
[Result "0-1"]
[WhiteElo "2023"]
[BlackElo "2202"]
[PlyCount "64"]
[EventDate "2009.11.11"]
[EventType "swiss"]
[EventRounds "11"]
[EventCountry "ESP"]
[Source "lmi"]
[SourceDate "2009.11.11"]

1. e4 c5 2. Nf3 Nc6 3. c3 Nf6 4. e5 Nd5 5. d4 cxd4 6. cxd4 d6 7. Bc4 e6 8. O-O
Be7 9. a3 O-O 10. Bd2 b6 11. Nc3 dxe5 12. dxe5 Bb7 13. Rc1 Rc8 14. Qe2 Qd7 15.
Rfd1 Rfd8 16. Be1 Nb8 17. Bb5 Bc6 18. Bxc6 Nxc6 19. Kf1 a5 20. Bd2 Qb7 21. Ne4
h6 22. Be3 b5 23. Bd4 Qb8 24. Nc3 Nxd4 25. Rxd4 b4 26. axb4 axb4 27. Na2 Qa7
28. Rdc4 Ra8 29. Nxb4 Bxb4 30. Nd4 Qb6 31. Nc6 Rac8 32. Qe4 Bd2 0-1